Handbook of Pediatric Dentistry (Record no. 22764)
[ view plain ]
| 000 -LEADER | |
|---|---|
| fixed length control field | 00416nam a22001817a 4500 |
| 003 - CONTROL NUMBER IDENTIFIER | |
| control field | SGT |
| 020 ## - INTERNATIONAL STANDARD BOOK NUMBER | |
| International Standard Book Number | 9780702079856 |
| 082 ## - DEWEY DECIMAL CLASSIFICATION NUMBER | |
| Classification number | 617.645 |
| Item number | P22C |
| 100 ## - MAIN ENTRY--PERSONAL NAME | |
| Personal name | Cameron, Angus C. |
| 245 ## - TITLE STATEMENT | |
| Title | Handbook of Pediatric Dentistry |
| 250 ## - EDITION STATEMENT | |
| Edition statement | 5th |
| 260 ## - PUBLICATION, DISTRIBUTION, ETC. (IMPRINT) | |
| Name of publisher, distributor, etc | Elsevier |
| Year of Publication | 2022 |
| 300 ## - PAGE DESCRIPTION | |
| No. of Pages | 574 |
| 650 ## - SUBJECT ADDED ENTRY--TOPICAL TERM | |
| Topical term or geographic name as entry element | Pediatric Dentistry |
| 653 ## - KEYWORDS--INDEX TERM | |
| Keyword term | Pediatric Dentistry |
| 700 ## - ADDED ENTRY--PERSONAL NAME | |
| Personal name | Widmer, Richard P. |
| 942 ## - ADDED ENTRY ELEMENTS (KOHA) | |
| Source of classification or shelving scheme | Dewey Decimal Classification |
| Koha item type | Books |
| Withdrawn status | Lost status | Source of classification or shelving scheme | Damaged status | Not for loan | Home library | Current library | Shelving location | Date acquired | Vendor Name | Cost, normal purchase price | SGTU | Bill Number | Full call number | Accession No. (Barcode) | Date last seen | Bill Date | Koha item type |
|---|---|---|---|---|---|---|---|---|---|---|---|---|---|---|---|---|---|
| Dewey Decimal Classification | Not For Loan | SGT Dental Library | SGT Dental Library | Reference Book | 26/05/2022 | Ahuja Book Co. Pvt. Ltd. | 14078.00 | SGTU | 14353 | 617.645 P22C | FD8709 | 26/05/2022 | 16/04/2022 | Books | |||
| Dewey Decimal Classification | Not For Loan | SGT Dental Library | SGT Dental Library | Reference Book | 26/05/2022 | Ahuja Book Co. Pvt. Ltd. | 14078.00 | SGTU | 14353 | 617.645 P22C | FD8710 | 26/05/2022 | 16/04/2022 | Books |